000 00737nam a22002297a 4500
003 OSt
005 20251024051937.0
008 251023b |||||||| |||| 00| 0 eng d
020 _a0-415-33826-3.
040 _aDWCL-Main lib
_cOC
082 _aCirc. 959 B268c 2004
100 _aBarr, Michael D.
245 _aCultural politics and Asian values :
_bthe tepid war
260 _aLondon :
_bRoutledgeCurzon,
_cc2004.
300 _axii, 241 pages ;
_c24 cm.
504 _aIncludes bibliographical references and index.
650 _21. East Asia-Politics & government.
650 _22. Southeast Asia-Politics & government.
650 _23. Values-East Asia.
650 _24. Values-Southeast Asia.
942 _2ddc
_cBK-CIRC
_kCirc.
_n0
999 _c5053
_d5053